| 000 | 00395cam a22001451 4500 | ||
|---|---|---|---|
| 082 |
_a688.8 _bBAR _cL-27,P-57. |
||
| 100 | 1 |
_aBarail, Louis C. _945111 |
|
| 245 | 1 | 0 | _aPackaging engineering. |
| 260 |
_aNew York, _bReinhold, _c1954. |
||
| 300 |
_avii, 407 p. _billus. _c24 cm. |
||
| 526 |
_a0 _b0 _c0 _d688_800000000000000_BAR |
||
| 650 | 0 |
_aMCE _9379 |
|
| 650 | 0 |
_aPackaging. _945112 |
|
| 942 |
_2ddc _cBK |
||
| 999 |
_c548707 _d548707 |
||